000 00352nam a22001217a 4500
003 SGT
082 _a200
_bV15K
100 _aकोठरी, गुलाब
245 _aवाक् सूक्त : वेद विज्ञान माला
260 _bओझा वैदिक अध्ययन
_c2015
300 _a97
942 _2ddc
_cBK
999 _c31723
_d31723